| 000 | 00522nam a22002057a 4500 | ||
|---|---|---|---|
| 003 | OSt | ||
| 005 | 20140310181731.0 | ||
| 008 | 130313t xxu||||| |||| 00| 0 eng d | ||
| 020 | _a978-0859-10739-6 | ||
| 050 |
_aBS 335 _b.G786j13 |
||
| 082 | _a224.209505-JER- | ||
| 245 |
_aJeremiah : _bthe cost of being a prophet / |
||
| 250 | _aAustralian ed. | ||
| 260 |
_bAdelaide Openbook _c1995 |
||
| 300 |
_a48 p. : _c28 cm. _bcol. ill. ; |
||
| 526 | _c1070L-1220L | ||
| 541 | _j1 | ||
| 562 | _e1 | ||
| 942 |
_2lcc _cBK-GS |
||
| 999 |
_c2402 _d2402 |
||